书目信息 |
| 题名: |
物理学词典
|
|
| 作者: | 祖贝 编 ;《物理学词典》翻译组 译 | |
| 分册: | A-M | |
| 出版信息: | 北京 原子能出版社 1980 |
|
| 页数: | 1020页 | |
| 开本: | 26cm | |
| 丛书名: | ||
| 单 册: | ||
| 中图分类: | O4-61 | |
| 科图分类: | ||
| 主题词: | 物理学 | |
| 电子资源: | ||
| ISBN: | ||
| 000 | 00671nam0 2200217 45 | |
| 001 | 0312221749 | |
| 005 | 20060626094846.15 | |
| 010 | @b精装@dCNY12.50 | |
| 100 | @a20031222d1980 km y0chiy0120 ea | |
| 101 | @achi | |
| 200 | 1 | @a物理学词典@AWu Li Xue Ci Dian@e英德法俄汉@iA-M@fR·祖贝编@FR·Zu Bei Bian@g《物理学词典》翻译组译 |
| 210 | @a北京@c原子能出版社@d1980 | |
| 215 | @a1020页@d26cm | |
| 517 | @aA-M | |
| 517 | @a英德法俄汉物理学词典@AYing De Fa E Han Wu Li Xue Ci Dian | |
| 606 | 0 | @a物理学 |
| 690 | @aO4-61@v3 | |
| 701 | 0 | @a祖贝@4编 |
| 712 | 02 | @a《物理学词典》翻译组@A《Wu Li Xue Ci Dian》Fan Yi Zu@4译 |
| 801 | @aCN@bTSTCL@c20060626 | |
| 905 | @dO4-61@e136:1 | |
| 物理学词典:英德法俄汉.A-M/R·祖贝编/《物理学词典》翻译组译.-北京:原子能出版社,1980 |
| 1020页;26cm |
| ISBN (精装):CNY12.50 |
| ● |
| 相关链接 |
|
|
|
|
正题名:物理学词典
索取号:O4-61/136:1
 
预约/预借
| 序号 | 登录号 | 条形码 | 馆藏地/架位号 | 状态 | 备注 |
| 1 | 0051091 | 202099219 | 第二样本阅览室/ [索取号:O4-61/136:1] | 在馆 | |
| 2 | 0420828 | 204208286 | 密集书库/ [索取号:O4-61/136:1] | 在馆 | |
| 3 | 0420829 | 204208295 | 密集书库/ [索取号:O4-61/136:1] | 在馆 |